Xác định động thái của hệ sinh thái nông nghiệp tỉnh Bạc Liêu : Luận văn tốt nghiệp cao học ngành Quản lý đất đai

Đề tài xác định sự thay đổi sử dụng đất đai và nguyên nhân dẫn đến sự thay đổi của các kiểu sử dụng đất đai chính tỉnh Bạc Liêu giai đoạn từ năm 2000 đến 2010. Phân vùng sinh thái nông nghiệp tỉnh Bạc Liêu quá khứ năm 2000 và năm 2010. Phân...

Cur síos iomlán

Đã lưu trong:
Sonraí Bibleagrafaíochta
Príomhúdar: Phan, Hoàng Vũ
Formáid: Leabhar
Teanga:Undetermined
Foilsithe: Cần Thơ Trường Đại học Cần Thơ 2013
Ábhair:
Clibeanna: Cuir Clib Leis
Gan Chlibeanna, Bí ar an gcéad duine leis an taifead seo a chlibeáil!
Thư viện lưu trữ: Trung tâm Học liệu Trường Đại học Cần Thơ
LEADER 01436nam a2200217Ia 4500
001 CTU_184651
008 210402s9999 xx 000 0 und d
082 |a 577.55 
082 |b V500 
088 |a 60620110 
100 |a Phan, Hoàng Vũ 
245 0 |a Xác định động thái của hệ sinh thái nông nghiệp tỉnh Bạc Liêu : 
245 0 |b Luận văn tốt nghiệp cao học ngành Quản lý đất đai 
245 0 |c Phan Hoàng Vũ ; Văn Phạm Đăng Trí hướng dẫn cao học 
260 |a Cần Thơ 
260 |b Trường Đại học Cần Thơ 
260 |c 2013 
520 |a Đề tài xác định sự thay đổi sử dụng đất đai và nguyên nhân dẫn đến sự thay đổi của các kiểu sử dụng đất đai chính tỉnh Bạc Liêu giai đoạn từ năm 2000 đến 2010. Phân vùng sinh thái nông nghiệp tỉnh Bạc Liêu quá khứ năm 2000 và năm 2010. Phân vùng sinh thái nông nghiệp trong tương lai theo diễn biến của điều kiện tự nhiên và đề xuất các kiểu sử dụng đất đai phù hợp với từng cùng sinh thái cụ thể. 
650 |a Sinh thái nông nghiệp,Agricultural ecology 
904 |i Võ, Thị Diệu 
980 |a Trung tâm Học liệu Trường Đại học Cần Thơ